Statistics for Difficult Flag Quiz

Click here to take the quiz!

General Stats

  • This quiz has been taken 168 times
  • The average score is 10 of 28

Answer Stats

Answer% Correct
Taiwan
96%
Greenland
92%
St Kitts & Nevis
74%
Lesotho
69%
Nauru
64%
Suriname
64%
Norfolk Island
42%
Arizona
41%
Tokelau
41%
Bavaria
39%
African Union
38%
Prussia
34%
South Ossetia
31%
Canary Islands
29%
Rhode Island
27%
British Antarctic Territory
26%
Tasmania
26%
Rome
17%
Nova Scotia
14%
Sakha
14%
Dubai
13%
Acre
12%
Edinburgh
12%
Sahrawi Arab Democratic Republic
11%
Community of Madrid
8%
Sovereign Military Order of Malta
7%
Derbyshire
6%
British East India Company
3%

Score Distribution

Percentile by Number Answered

Percent of People with Each Score

Your Score History

You have not taken this quiz